000 00823nam a2200229 i 4500
001 175893
003 ES-MaACL
005 20251015164810.0
007 t|
008 101129s1933 fr ||||1| fre d
080 _a929 Eduardo VII, Rey de Inglaterra
100 1 _aSackville-West, Vita,
_d1892-1962
_9241527
245 1 3 _aAu temps du roi Édouard
_b: (the edwardians) /
_cV. Sackville-West ; traduit de l'anglais par Alice Turpin ; précédé d'une note liminaire d'André Maurois.
260 _aParis :
_bBernard Grasset,
_cimp. 1933.
300 _a270, [2] p. ;
_c19 cm.
546 _aTexto en francés.
600 0 7 _aEduardo
_bVII,
_cRey de Inglaterra
_2
_9144106
700 1 _aTurpin, Alice.
_9144107
700 1 _aMaurois, André,
_d1885-1967
_979267
852 _aES-MaACL
_jE-13711
999 _c175893
_d175893